[Event "37th ECC Women 2022"]
[Site "Mayrhofen AUT"]
[Date "2022.10.03"]
[Round "1.1"]
[Board "1"]
[White "Muzychuk, Mariya"]
[Black "Muzychuk, Anna"]
[Result "1/2-1/2"]
[WhiteTitle "GM"]
[BlackTitle "GM"]
[WhiteElo "2527"]
[BlackElo "2534"]
[WhiteTeam "TAJFUN - SK Ljubljana"]
[BlackTeam "Cercle d'Echecs de Monte-Carlo"]
[WhiteFideId "14114550"]
[BlackFideId "14111330"]
[EventDate "2022.10.03"]

1. d4 d5 2. c4 c6 3. Nf3 Nf6 4. Nc3 e6 5. Bg5 dxc4 6. e4 b5 7. e5 h6 8. Bh4 g5
9. Nxg5 hxg5 10. Bxg5 Nbd7 11. exf6 Bb7 12. h4 Nxf6 13. Qf3 Be7 14. O-O-O Nd5
15. Ne4 Bxg5+ 16. Nxg5 Qf6 17. Rh3 a5 18. Qe4 Nf4 19. Qf3 Nd5 20. Qe4 Nf4 21.
Qf3 Nd5 22. Qe4 1/2-1/2

[Event "37th ECC Women 2022"]
[Site "Mayrhofen AUT"]
[Date "2022.10.03"]
[Round "1.1"]
[Board "2"]
[White "Stefanova, Antoaneta"]
[Black "Unuk, Laura"]
[Result "1/2-1/2"]
[WhiteTitle "GM"]
[BlackTitle "IM"]
[WhiteElo "2440"]
[BlackElo "2297"]
[WhiteTeam "Cercle d'Echecs de Monte-Carlo"]
[BlackTeam "TAJFUN - SK Ljubljana"]
[WhiteFideId "2902257"]
[BlackFideId "14609215"]
[EventDate "2022.10.03"]

1. d4 d5 2. Bf4 Nf6 3. Nc3 a6 4. e3 e6 5. g4 Bb4 6. Ne2 Ne4 7. Bg2 Bd7 8. Bxe4
dxe4 9. d5 O-O 10. Qd4 c5 11. dxc6 Nxc6 12. Qxe4 e5 13. Bg3 Be6 14. O-O Qc8 15.
f3 f5 16. gxf5 Bxf5 17. Qc4+ Be6 18. Qe4 Bf5 19. Qc4+ Be6 20. Qe4 Bf5 1/2-1/2

[Event "37th ECC Women 2022"]
[Site "Mayrhofen AUT"]
[Date "2022.10.03"]
[Round "1.1"]
[Board "3"]
[White "Urh, Zala"]
[Black "Cramling, Pia"]
[Result "1/2-1/2"]
[WhiteTitle "WIM"]
[BlackTitle "GM"]
[WhiteElo "2221"]
[BlackElo "2459"]
[WhiteTeam "TAJFUN - SK Ljubljana"]
[BlackTeam "Cercle d'Echecs de Monte-Carlo"]
[WhiteFideId "14611481"]
[BlackFideId "1700030"]
[EventDate "2022.10.03"]

1. d4 Nf6 2. c4 e6 3. Nf3 b6 4. g3 Ba6 5. b3 Bb4+ 6. Bd2 Be7 7. Nc3 d5 8. cxd5
exd5 9. Bg2 Bb7 10. O-O O-O 11. a3 a5 12. Qc2 h6 13. Rfc1 Na6 14. Nd1 c5 15.
dxc5 bxc5 16. Ne3 Re8 17. Rd1 Qc7 18. Rac1 Qb6 19. Ne5 Rac8 20. Nd3 Bd6 21. Nf5
Bf8 22. Nf4 Nc7 23. Bc3 Ne4 24. Ba1 d4 25. b4 Nb5 26. bxc5 Bxc5 27. Qd3 Nbc3 28.
Bxc3 Nxc3 29. Bxb7 Qxb7 30. Re1 Qe4 31. Ra1 a4 32. Qxe4 Rxe4 33. Kf1 Rb8 34. Nd3
Ba7 35. e3 dxe3 36. Nxe3 Bxe3 37. Rxe3 Rxe3 38. fxe3 Rd8 39. Nb2 Rd2 40. Rc1 Nd5
41. Nxa4 Nxe3+ 42. Kg1 Rg2+ 43. Kh1 Ra2 44. Nc5 Rxa3 45. Re1 g5 46. Kg1 Kg7 47.
Re2 Nf5 48. Kf2 Nd4 49. Rb2 h5 50. h3 h4 51. Ne4 hxg3+ 52. Nxg3 Kg6 53. Rb4 Ra2+
54. Kf1 Nf3 55. Ne2 Nh4 56. Rb3 Nf5 57. Rc3 f6 58. Rd3 Ng7 59. Rb3 Nh5 60. Rf3
f5 61. Rb3 Ra6 62. Kf2 Nf6 63. Kf3 Ne4 64. Rd3 Ra1 65. Ng3 Re1 66. Ra3 Nd2+ 67.
Kf2 Re6 68. Ra5 f4 69. Ne2 Re3 70. Ng1 Ne4+ 71. Kg2 Rg3+ 72. Kf1 Rb3 73. Ra6+
Kh5 74. Ra8 Rb2 75. Rh8+ Kg6 76. Re8 Ng3+ 77. Ke1 Nh5 78. Nf3 Rb5 79. Rg8+ Kf6
80. h4 Rb1+ 81. Kf2 Rb2+ 82. Kg1 gxh4 83. Nxh4 Ng3 84. Nf3 Ke6 85. Rf8 Kd5 86.
Re8 Ra2 87. Re7 Kc4 88. Ng5 Rd2 89. Rc7+ Kb4 90. Rf7 Kb3 1/2-1/2

[Event "37th ECC Women 2022"]
[Site "Mayrhofen AUT"]
[Date "2022.10.03"]
[Round "1.1"]
[Board "4"]
[White "Paehtz, Elisabeth"]
[Black "Vidic, Teja"]
[Result "1-0"]
[WhiteTitle "IM"]
[BlackTitle "WIM"]
[WhiteElo "2469"]
[BlackElo "2126"]
[WhiteTeam "Cercle d'Echecs de Monte-Carlo"]
[BlackTeam "TAJFUN - SK Ljubljana"]
[WhiteFideId "4641833"]
[BlackFideId "14605511"]
[EventDate "2022.10.03"]

1. e4 c6 2. d4 d5 3. Nc3 dxe4 4. Nxe4 Nf6 5. Nxf6+ exf6 6. c3 Bd6 7. Bd3 O-O 8.
Qc2 Re8+ 9. Ne2 h5 10. O-O Qc7 11. h3 h4 12. Bd2 Nd7 13. Rae1 Nf8 14. Kh1 Bd7
15. c4 Rad8 16. f4 Qc8 17. f5 Re7 18. Nc3 Rde8 19. Ne4 Qb8 20. Qd1 c5 21. Qg4
Nh7 22. Bh6 g6 23. Qxh4 Bg3 24. Nxf6+ Kh8 25. Bg7+ Kxg7 26. Qxh7+ Kxf6 27. fxg6+
Kg5 28. Rxe7 Rxe7 29. gxf7 Re1 30. Qg6+ Kh4 31. Qh6# 1-0

[Event "37th ECC Women 2022"]
[Site "Mayrhofen AUT"]
[Date "2022.10.03"]
[Round "1.2"]
[Board "1"]
[White "Saduakassova, Dinara"]
[Black "Eric, Jovana"]
[Result "1-0"]
[WhiteTitle "IM"]
[BlackTitle "WGM"]
[WhiteElo "2434"]
[BlackElo "2252"]
[WhiteTeam "CSU ASE Superbet"]
[BlackTeam "Sirmium"]
[WhiteFideId "13700090"]
[BlackFideId "938238"]
[EventDate "2022.10.03"]

1. c4 c6 2. d4 d5 3. cxd5 cxd5 4. Bf4 Nc6 5. e3 Nf6 6. Nc3 e6 7. Nf3 Be7 8. h3
O-O 9. Bd3 Qb6 10. a3 Bd7 11. Na4 Qd8 12. Nc5 Be8 13. O-O b6 14. Na6 Bd6 15. Rc1
Bxf4 16. exf4 Qd6 17. Ne5 Rd8 18. Bb5 Ne7 19. Nc7 Ng6 20. Bxe8 Nxe8 21. Nb5 Qe7
22. Nc6 Qd7 23. f5 exf5 24. Nxd8 Qxb5 25. Nc6 Qxb2 26. Qf3 Nf6 27. Nxa7 Qxd4 28.
Qxf5 Qa4 29. Nc8 Qxa3 30. Nxb6 Qd6 31. Nc8 Qb8 32. Rfe1 d4 33. Ne7+ Nxe7 34.
Rxe7 Qd6 35. Qc5 Qxc5 36. Rxc5 Rd8 37. Rec7 d3 38. Rc8 Rf8 39. Rxf8+ Kxf8 40.
Rc3 d2 41. Rd3 Ne4 42. h4 h5 43. g3 Ke7 44. Kg2 Ke6 45. f3 Nd6 46. Rxd2 Nf5 47.
Ra2 g6 48. Ra5 Kf6 49. Ra6+ Kg7 50. Kf2 f6 51. Ra7+ Kg8 52. Kg2 Kf8 53. Kh3 Kg8
54. g4 Ng7 55. Kg3 f5 56. g5 Ne6 57. Re7 f4+ 58. Kf2 Nc5 59. Ke2 1-0

[Event "37th ECC Women 2022"]
[Site "Mayrhofen AUT"]
[Date "2022.10.03"]
[Round "1.2"]
[Board "2"]
[White "Blagojevic, Tijana"]
[Black "Atalik, Ekaterina"]
[Result "1/2-1/2"]
[WhiteTitle "WIM"]
[BlackTitle "IM"]
[WhiteElo "2266"]
[BlackElo "2406"]
[WhiteTeam "Sirmium"]
[BlackTeam "CSU ASE Superbet"]
[WhiteFideId "16500270"]
[BlackFideId "4130189"]
[EventDate "2022.10.03"]

1. e4 e5 2. Nf3 Nc6 3. Nc3 Nf6 4. d4 exd4 5. Nxd4 Bb4 6. Nxc6 bxc6 7. Bd3 d5 8.
exd5 cxd5 9. O-O O-O 10. Qf3 c6 11. Bg5 Bd6 12. Rae1 Rb8 13. Nd1 h6 14. Bxf6
Qxf6 15. Qxf6 gxf6 16. b3 f5 17. Ne3 f4 18. Nf5 Bxf5 19. Bxf5 Kg7 20. g3 Kf6 21.
Bd7 Rb6 22. Re8 Rxe8 23. Bxe8 Bb4 24. Bd7 Ke5 25. Rd1 fxg3 26. fxg3 c5 27. Be8
f5 28. Bf7 d4 29. Rf1 Bd2 30. Kg2 Rf6 31. Bc4 f4 32. Bd3 fxg3 1/2-1/2

[Event "37th ECC Women 2022"]
[Site "Mayrhofen AUT"]
[Date "2022.10.03"]
[Round "1.2"]
[Board "3"]
[White "Efroimski, Marsel"]
[Black "Gajcin, Marina"]
[Result "1-0"]
[WhiteTitle "IM"]
[BlackTitle "WIM"]
[WhiteElo "2462"]
[BlackElo "2228"]
[WhiteTeam "CSU ASE Superbet"]
[BlackTeam "Sirmium"]
[WhiteFideId "2810964"]
[BlackFideId "949086"]
[EventDate "2022.10.03"]

1. e4 c5 2. Nf3 e6 3. b3 Nc6 4. Bb2 d6 5. d4 cxd4 6. Nxd4 Nf6 7. Nxc6 bxc6 8. e5
dxe5 9. Qxd8+ Kxd8 10. Bxe5 Bc5 11. Be2 Ne8 12. Nd2 f6 13. Bb2 Kc7 14. O-O Nd6
15. a3 a5 16. c4 Nf5 17. Nf3 e5 18. Rfd1 Re8 19. Kf1 Nd6 20. Bc3 Ne4 21. Be1 Be6
22. b4 axb4 23. axb4 Be7 24. c5 Bb3 25. Rdc1 Bd5 26. h4 f5 27. Rxa8 Rxa8 28.
Nxe5 Bxh4 29. Nc4 Ra2 30. Nb6 Nd2+ 31. Bxd2 Rxd2 32. Nxd5+ Rxd5 33. Ra1 Rd4 34.
Ra7+ Kb8 35. Rxg7 Rxb4 36. g3 Bf6 37. Rf7 Rb1+ 38. Kg2 Bd4 39. Rxf5 h6 40. f4
Rc1 41. Rf8+ Kc7 42. Rf7+ Kd8 43. Rh7 Rg1+ 44. Kf3 Rh1 45. g4 Rh3+ 46. Ke4 Bxc5
47. Bf3 Bd6 48. g5 Rh4 49. g6 Rxf4+ 50. Ke3 Rf8 51. Bxc6 Be5 52. Ke4 Bc3 53.
Rd7+ Kc8 54. Rd3 Bb2 55. Rb3 Ba1 56. Ra3 Rf1 57. Kd5 Kd8 58. Ra8+ Kc7 59. Ra7+
Kd8 60. g7 Bxg7 61. Rxg7 Rd1+ 62. Ke6 Ra1 63. Kd6 Rd1+ 64. Bd5 Re1 65. Rg8+ Re8
66. Rg3 Kc8 67. Rc3+ Kb8 68. Ra3 Rd8+ 69. Kc6 h5 70. Rb3+ Ka7 71. Kc7 1-0

[Event "37th ECC Women 2022"]
[Site "Mayrhofen AUT"]
[Date "2022.10.03"]
[Round "1.2"]
[Board "4"]
[White "Zarkovic, Mila"]
[Black "Rapport, Jovana"]
[Result "0-1"]
[WhiteTitle "WIM"]
[BlackTitle "WGM"]
[WhiteElo "2219"]
[BlackElo "2295"]
[WhiteTeam "Sirmium"]
[BlackTeam "CSU ASE Superbet"]
[WhiteFideId "900451"]
[BlackFideId "937266"]
[EventDate "2022.10.03"]

1. e4 e6 2. d4 d5 3. Nc3 Bb4 4. exd5 exd5 5. Bd3 c6 6. Ne2 Ne7 7. Bg5 f6 8. Bf4
Bf5 9. O-O O-O 10. Ng3 Bxd3 11. Qxd3 Na6 12. Nce2 Bd6 13. c3 Nc7 14. Rae1 Ne6
15. Bxd6 Qxd6 16. Nf5 Nxf5 17. Qxf5 Rae8 18. Ng3 g6 19. Qf3 f5 20. Re5 Ng5 21.
Qe2 Rxe5 22. dxe5 Qc5 23. h4 Ne6 24. Kh1 Qe7 25. Rd1 Qxh4+ 26. Kg1 f4 27. Nf1 f3
28. Qe3 fxg2 29. Ng3 Qh3 30. Qxa7 Nf4 31. Qe3 Nh5 32. Qh6 Rf3 33. e6 Rxg3 34.
fxg3 0-1

[Event "37th ECC Women 2022"]
[Site "Mayrhofen AUT"]
[Date "2022.10.03"]
[Round "1.3"]
[Board "1"]
[White "Krasteva, Beloslava"]
[Black "Danielian, Elina"]
[Result "1/2-1/2"]
[WhiteTitle "FM"]
[BlackTitle "GM"]
[WhiteElo "2287"]
[BlackElo "2431"]
[WhiteTeam "Gambit Asseco See"]
[BlackTeam "ASVOe Pamhagen"]
[WhiteFideId "2922029"]
[BlackFideId "13300210"]
[EventDate "2022.10.03"]

1. d4 d6 2. e4 g6 3. Bd3 Bg7 4. Nf3 Nd7 5. O-O e6 6. Re1 Ne7 7. c3 a6 8. a4 b6
9. Na3 Bb7 10. Nc4 O-O 11. b4 Nf6 12. Qe2 Nxe4 13. Bxe4 Bxe4 14. Qxe4 d5 15. Qe2
dxc4 16. Qxc4 Nd5 17. Bd2 Qd6 18. b5 axb5 19. axb5 Ra3 20. Rxa3 Qxa3 21. Qc6 Qd6
22. c4 Ne7 23. Qe4 Nf5 24. Bf4 Qb4 25. Rc1 Qb2 26. Rb1 Qa2 27. Rc1 Qb2 28. Rb1
Qa2 29. Rc1 1/2-1/2

[Event "37th ECC Women 2022"]
[Site "Mayrhofen AUT"]
[Date "2022.10.03"]
[Round "1.3"]
[Board "2"]
[White "Ushenina, Anna"]
[Black "Radeva, Viktoria"]
[Result "1-0"]
[WhiteTitle "GM"]
[BlackTitle "WGM"]
[WhiteElo "2445"]
[BlackElo "2263"]
[WhiteTeam "ASVOe Pamhagen"]
[BlackTeam "Gambit Asseco See"]
[WhiteFideId "14110911"]
[BlackFideId "2915405"]
[EventDate "2022.10.03"]

1. Nf3 d5 2. g3 Bg4 3. Bg2 c6 4. c4 e6 5. cxd5 exd5 6. O-O Nd7 7. d3 Ngf6 8. h3
Bxf3 9. Bxf3 Bc5 10. Bg2 O-O 11. e3 Re8 12. Nd2 Qc7 13. Nf3 Bd6 14. b3 a5 15.
Bb2 Ne5 16. Nd4 Bf8 17. Qc2 a4 18. f4 Ned7 19. e4 Qb6 20. Kh2 dxe4 21. dxe4 Nc5
22. Rfe1 Rad8 23. Bc3 Na6 24. Nf5 Qc5 25. Rac1 Nb4 26. Qe2 Qb5 27. bxa4 Qxe2 28.
Rxe2 Ra8 29. Rb1 Rxa4 30. a3 Nd3 31. Rxb7 Nc5 32. Rc7 Ncxe4 33. Bxf6 gxf6 34.
Rxc6 Nd6 35. Rxe8 Nxe8 36. Rc8 Ra5 37. g4 Rxa3 38. Rxe8 1-0

[Event "37th ECC Women 2022"]
[Site "Mayrhofen AUT"]
[Date "2022.10.03"]
[Round "1.3"]
[Board "3"]
[White "Djukic, Sandra"]
[Black "Osmak, Yuliia"]
[Result "0-1"]
[WhiteTitle "WIM"]
[BlackTitle "IM"]
[WhiteElo "2138"]
[BlackElo "2428"]
[WhiteTeam "Gambit Asseco See"]
[BlackTeam "ASVOe Pamhagen"]
[WhiteFideId "931390"]
[BlackFideId "14101602"]
[EventDate "2022.10.03"]

1. Nf3 Nf6 2. c4 e6 3. b3 d5 4. Bb2 Be7 5. g3 b6 6. Bg2 Bb7 7. O-O O-O 8. d3 c5
9. cxd5 exd5 10. d4 Nc6 11. Nc3 Re8 12. Rc1 Ba6 13. Re1 Ne4 14. Nxe4 dxe4 15.
Ne5 Nxd4 16. Bxd4 cxd4 17. Bxe4 Ba3 18. Bxa8 Bxc1 19. Bf3 Bb2 20. Qc2 Bc3 21.
Rd1 Qf6 22. Nd3 g6 23. Nf4 Qe5 24. Nd3 Qf5 25. Qc1 Kg7 26. Qa3 Qa5 27. Qxa5 bxa5
28. Kf1 Bc8 29. Kg2 g5 30. h3 f5 31. g4 fxg4 32. hxg4 h5 33. gxh5 g4 34. Bd5
Rxe2 35. Nf4 Rxa2 36. Ne6+ Bxe6 37. Bxe6 Rb2 38. Kg3 Kf6 39. Bc4 Kg5 40. Rh1 Bd2
41. h6 Bf4+ 42. Kg2 g3 43. h7 Rxf2+ 44. Kg1 Rh2 45. Rxh2 gxh2+ 46. Kg2 Be5 47.
Bd5 d3 48. Kf2 Kf4 49. Bc6 Bd4+ 50. Ke1 Ke3 51. Kd1 Bc3 52. Bb7 Kf2 0-1

[Event "37th ECC Women 2022"]
[Site "Mayrhofen AUT"]
[Date "2022.10.03"]
[Round "1.3"]
[Board "4"]
[White "Maltsevskaya, Aleksandra"]
[Black "Manova, Ivana"]
[Result "1-0"]
[WhiteTitle "IM"]
[WhiteElo "2389"]
[BlackElo "1876"]
[WhiteTeam "ASVOe Pamhagen"]
[BlackTeam "Gambit Asseco See"]
[WhiteFideId "24174041"]
[BlackFideId "15003590"]
[EventDate "2022.10.03"]

1. e4 e5 2. Nf3 Nc6 3. d4 exd4 4. Nxd4 Nf6 5. Nxc6 bxc6 6. e5 Qe7 7. Qe2 Nd5 8.
Nd2 a5 9. c4 Ba6 10. Qe4 Nb6 11. Bd3 d5 12. Qe2 dxc4 13. Be4 Qc5 14. Qf3 O-O-O
15. O-O Qxe5 16. Re1 Kb8 17. Nf1 Bb4 18. Bf4 Qf6 19. Qg3 Bd6 20. Bxd6 Rxd6 21.
Qa3 Qg5 22. b4 a4 23. b5 Bxb5 24. Bf3 Rd3 25. Qe7 Qxe7 26. Rxe7 Rd7 27. Re5 Nd5
28. Rb1 Rhd8 29. Ne3 Nxe3 30. fxe3 Ka7 31. Kf2 Rd2+ 32. Kg3 Ka6 33. Re7 R8d7 34.
Re8 Rd8 35. Re7 R2d7 36. Re5 f6 37. Re6 Rd6 38. Re7 R8d7 39. Re8 Kb6 40. Ra8 Rd2
41. Rxa4 Kc5 42. Ra5 Kb6 43. Ra8 c3 44. a4 c2 45. Rc1 Ba6 46. Rb8+ Bb7 47. Bg4
R7d3 48. Bc8 Rxe3+ 49. Kf4 Ra3 50. Rxb7+ Kc5 51. Rb2 Rxa4+ 52. Ke3 Rxg2 53.
Rbxc2+ Rxc2 54. Rxc2+ Kd6 55. Bf5 g6 56. Be4 c5 57. Rd2+ Ke6 58. Bd5+ Ke5 59.
Bg8 Re4+ 60. Kf3 Rf4+ 61. Kg3 Rf1 62. Rd5+ Ke4 63. Rxc5 h6 64. Bh7 Rg1+ 65. Kf2
Rd1 66. Bxg6+ Kf4 67. Rc4+ Kg5 68. Bc2 Rd2+ 69. Kg3 Rd5 70. Rg4+ 1-0

[Event "37th ECC Women 2022"]
[Site "Mayrhofen AUT"]
[Date "2022.10.03"]
[Round "1.4"]
[Board "1"]
[White "Mammadzada, Gunay"]
[Black "Enkhtuul, Altan-Ulzii"]
[Result "1/2-1/2"]
[WhiteTitle "IM"]
[BlackTitle "WGM"]
[WhiteElo "2483"]
[BlackElo "2295"]
[WhiteTeam "Odlar Yurdu"]
[BlackTeam "Philidor Mulhouse"]
[WhiteFideId "13403729"]
[BlackFideId "4901444"]
[EventDate "2022.10.03"]

1. e4 e6 2. d4 d5 3. Nd2 c5 4. Ngf3 Nc6 5. exd5 exd5 6. Bb5 cxd4 7. O-O Bd6 8.
Nb3 Ne7 9. h3 O-O 10. Nbxd4 a6 11. Bd3 Nxd4 12. Nxd4 Bc7 13. Qh5 g6 14. Qh4 Nc6
15. Qxd8 Rxd8 16. Nb3 Kg7 17. Bg5 f6 18. Bd2 Be5 19. Rab1 b5 20. Rfe1 Bd6 21.
Be3 Kf7 22. Rbd1 Nb4 23. Bc5 Nxd3 24. cxd3 Bxc5 25. Nxc5 Ra7 26. d4 a5 27. Rd3
Bf5 28. Rde3 h5 29. h4 a4 30. a3 b4 31. f3 Rb8 32. Kf2 bxa3 33. bxa3 Rb2+ 34.
R3e2 Rb3 35. Re3 Rb2+ 36. R1e2 Rb1 37. Re1 Rb2+ 38. R3e2 Rb3 39. Re3 Rb1 1/2-1/2

[Event "37th ECC Women 2022"]
[Site "Mayrhofen AUT"]
[Date "2022.10.03"]
[Round "1.4"]
[Board "2"]
[White "Klek, Hanna Marie"]
[Black "Fataliyeva, Ulviyya"]
[Result "0-1"]
[WhiteTitle "WGM"]
[BlackTitle "IM"]
[WhiteElo "2301"]
[BlackElo "2422"]
[WhiteTeam "Philidor Mulhouse"]
[BlackTeam "Odlar Yurdu"]
[WhiteFideId "24670057"]
[BlackFideId "13403052"]
[EventDate "2022.10.03"]

1. e4 e6 2. d4 d5 3. e5 c5 4. c3 Qb6 5. Nf3 Bd7 6. Bd3 cxd4 7. Nxd4 Bc5 8. O-O
Bxd4 9. cxd4 Qxd4 10. Nc3 Nc6 11. Nb5 Qxe5 12. Re1 Qb8 13. Qg4 Kf8 14. Bf4 e5
15. Qxd7 Nf6 16. Qd6+ Qxd6 17. Nxd6 exf4 18. Rac1 Rb8 19. Nxb7 Rxb7 20. Rxc6 Re7
21. Rxe7 Kxe7 22. Rc7+ Ke6 23. Rxa7 Rb8 24. b3 f3 25. Rc7 Nh5 26. g3 Nf6 27. Kf1
Ng4 28. Ke1 Kd6 29. Ra7 Re8+ 30. Kd2 f5 31. Bb5 Re5 32. b4 Nxf2 33. a4 Re4 34.
Rxg7 Ng4 35. h3 Nh2 36. g4 Rxb4 37. gxf5 Rxb5 0-1

[Event "37th ECC Women 2022"]
[Site "Mayrhofen AUT"]
[Date "2022.10.03"]
[Round "1.4"]
[Board "3"]
[White "Mammadova, Gulnar"]
[Black "Navrotescu, Andreea"]
[Result "0-1"]
[WhiteTitle "IM"]
[BlackTitle "WGM"]
[WhiteElo "2389"]
[BlackElo "2287"]
[WhiteTeam "Odlar Yurdu"]
[BlackTeam "Philidor Mulhouse"]
[WhiteFideId "13403508"]
[BlackFideId "675946"]
[EventDate "2022.10.03"]

1. e4 c5 2. Nf3 d6 3. d4 cxd4 4. Nxd4 Nf6 5. Nc3 Nc6 6. Bg5 e6 7. Qd2 a6 8.
O-O-O Bd7 9. f4 Be7 10. Nf3 b5 11. Bxf6 gxf6 12. f5 Qb6 13. Kb1 O-O-O 14. Bd3
Kb8 15. Ne2 Ne5 16. Nf4 Bc8 17. Rhe1 Rhe8 18. fxe6 fxe6 19. Bf1 d5 20. exd5 Nxf3
21. gxf3 e5 22. Nd3 Bf8 23. Bg2 Rxd5 24. f4 Rd4 25. fxe5 fxe5 26. Qf2 Qd6 27.
Nc1 Rxd1 28. Rxd1 Qc5 29. Qg3 Bh6 30. Nd3 Qe3 31. Qh4 Rg8 32. Re1 Qg5 33. Qb4
Bf8 34. Qc3 Qxg2 35. Nxe5 Bd6 36. a4 bxa4 37. Nc6+ Ka8 38. Rd1 Be6 39. b3 Bd5
40. Qd3 Bxc6 41. Qxa6+ Kb8 42. Rxd6 Rc8 43. bxa4 Qg1+ 44. Kb2 Qc5 45. Rf6 Qd4+
46. Kb1 Qb4+ 47. Kc1 Re8 48. Rf1 Bxa4 49. Qd3 Rc8 50. Qg3+ Ka8 51. Qf3+ Bc6 52.
Qh3 Rc7 53. Qg3 Kb7 54. Rd1 Be4 55. Rd2 Qa4 56. Kd1 Bxc2+ 57. Ke1 Qa1+ 58. Ke2
Re7+ 59. Kf3 Qc3+ 0-1

[Event "37th ECC Women 2022"]
[Site "Mayrhofen AUT"]
[Date "2022.10.03"]
[Round "1.4"]
[Board "4"]
[White "Thomas, Apolline"]
[Black "Balajayeva, Khanim"]
[Result "0-1"]
[BlackTitle "WGM"]
[WhiteElo "1942"]
[BlackElo "2384"]
[WhiteTeam "Philidor Mulhouse"]
[BlackTeam "Odlar Yurdu"]
[WhiteFideId "670480"]
[BlackFideId "13406396"]
[EventDate "2022.10.03"]

1. e4 e5 2. Nf3 Nc6 3. Bb5 a6 4. Ba4 Nf6 5. O-O Be7 6. Qe2 b5 7. Bb3 O-O 8. c3
d5 9. d3 Re8 10. Rd1 Be6 11. Nbd2 Bf8 12. Nf1 h6 13. Ng3 Qd7 14. h3 Rad8 15. Be3
Qc8 16. a4 dxe4 17. Bxe6 exf3 18. Bxf7+ Kxf7 19. Qxf3 Re6 20. axb5 axb5 21. d4
exd4 22. cxd4 Nb4 23. Ra5 Qd7 24. Rc1 c6 25. Rca1 Qd5 26. Ra7+ Kg8 27. Qf4 Nc2
28. R1a6 Nxd4 29. Rb7 Ne2+ 30. Nxe2 Qd1+ 0-1

[Event "37th ECC Women 2022"]
[Site "Mayrhofen AUT"]
[Date "2022.10.03"]
[Round "1.5"]
[Board "1"]
[White "Salimova, Nurgyul"]
[Black "Mayrhuber, Nikola"]
[Result "0-1"]
[WhiteTitle "IM"]
[BlackTitle "WFM"]
[WhiteElo "2415"]
[BlackElo "2117"]
[WhiteTeam "SK Erste Bank Baden"]
[BlackTeam "SK Zell/Zillertal"]
[WhiteFideId "2915138"]
[BlackFideId "1637819"]
[EventDate "2022.10.03"]

1. Nf3 Nf6 2. c4 e6 3. g3 d5 4. d4 Bb4+ 5. Bd2 Be7 6. Bg2 O-O 7. O-O b6 8. Bg5
Bb7 9. Qc2 Nbd7 10. Nc3 h6 11. Bxf6 Nxf6 12. Ne5 c5 13. dxc5 bxc5 14. cxd5 exd5
15. Rfd1 Qc7 16. Nd3 Rfd8 17. Nf4 d4 18. Bxb7 Qxb7 19. Na4 Rac8 20. b3 Qd7 21.
Qc4 Bd6 22. Ng2 Qh3 23. Ne1 Re8 24. Nf3 Ng4 25. Rac1 Bxg3 26. hxg3 Re5 27. Qa6
Rh5 28. Qxc8+ Kh7 29. Ng5+ Rxg5 30. Qxg4 Qxg4 31. Rxc5 Qxe2 32. Rxd4 Rxg3+ 33.
fxg3 Qe3+ 34. Kg2 Qxd4 35. Rf5 Qe4+ 36. Rf3 Qc2+ 37. Rf2 Qc6+ 38. Kh2 Kg6 39.
Nb2 Qc5 40. Rd2 f5 41. Nc4 Kh5 42. Re2 g5 43. Kg2 Qd5+ 44. Kh2 Qf3 45. Rg2 Qe4
46. Nd6 Qd5 47. Nc4 f4 48. gxf4 gxf4 49. Rf2 Kg4 50. Rg2+ Kf5 51. Rd2 Qf3 52.
Nd6+ Kf6 53. Nc4 h5 54. Rg2 h4 55. Rg6+ Kf5 56. Rg2 h3 57. Rd2 Qg3+ 58. Kh1 f3
59. Nd6+ Kg6 60. Nc4 f2 0-1

[Event "37th ECC Women 2022"]
[Site "Mayrhofen AUT"]
[Date "2022.10.03"]
[Round "1.5"]
[Board "2"]
[White "Schloffer, Jasmin-Denise"]
[Black "Roebers, Eline"]
[Result "0-1"]
[WhiteTitle "WFM"]
[WhiteElo "2086"]
[BlackElo "2352"]
[WhiteTeam "SK Zell/Zillertal"]
[BlackTeam "SK Erste Bank Baden"]
[WhiteFideId "1631209"]
[BlackFideId "1058401"]
[EventDate "2022.10.03"]

1. d4 d5 2. c4 c6 3. cxd5 cxd5 4. Bf4 Nc6 5. Nf3 Nf6 6. Nc3 Nh5 7. Bg5 h6 8. Bh4
g5 9. Bg3 Bg7 10. e3 e6 11. Rc1 Nxg3 12. hxg3 Bd7 13. Bd3 Rc8 14. a3 O-O 15. g4
Na5 16. O-O Nc4 17. Qe2 Nd6 18. Rfd1 Bc6 19. Ne5 f6 20. Nxc6 bxc6 21. e4 Qd7 22.
Bb1 dxe4 23. Nxe4 Nxe4 24. Qxe4 f5 25. gxf5 exf5 26. Ba2+ Kh8 27. Be6 fxe4 28.
Bxd7 Rcd8 29. Bxc6 Bxd4 30. Bxe4 Bxf2+ 31. Kf1 Bb6+ 32. Bf3 Rxd1+ 33. Rxd1 g4
34. Rd6 gxf3 35. gxf3 Rxf3+ 36. Kg2 Rf2+ 37. Kg3 Rxb2 0-1

[Event "37th ECC Women 2022"]
[Site "Mayrhofen AUT"]
[Date "2022.10.03"]
[Round "1.5"]
[Board "3"]
[White "Heinemann, Josefine"]
[Black "Schnegg, Anna-Lena"]
[Result "1/2-1/2"]
[WhiteTitle "WGM"]
[BlackTitle "WFM"]
[WhiteElo "2318"]
[BlackElo "2154"]
[WhiteTeam "SK Erste Bank Baden"]
[BlackTeam "SK Zell/Zillertal"]
[WhiteFideId "12900460"]
[BlackFideId "1625268"]
[EventDate "2022.10.03"]

1. e4 e5 2. Nf3 d6 3. d4 exd4 4. Nxd4 Nf6 5. Nc3 Be7 6. g3 O-O 7. Bg2 Bg4 8. f3
Bd7 9. O-O Nc6 10. Nde2 Qc8 11. Nf4 Re8 12. Be3 Ne5 13. b3 c6 14. a4 Ng6 15. Qd2
Nxf4 16. Bxf4 d5 17. exd5 Bb4 18. Qd4 Bxc3 19. Qxc3 Nxd5 20. Qd4 Nxf4 21. Qxf4
Re2 22. Rf2 Rxf2 23. Kxf2 Bf5 24. Qd2 Qd8 25. Rd1 Qb6+ 26. Kf1 h6 27. Qc3 Re8
28. Rd2 Qa6+ 29. Kf2 Qb6+ 30. Kf1 Qa6+ 31. Kf2 Qb6+ 1/2-1/2

[Event "37th ECC Women 2022"]
[Site "Mayrhofen AUT"]
[Date "2022.10.03"]
[Round "1.5"]
[Board "4"]
[White "Konecny, Sophie"]
[Black "Trippold, Denise"]
[Result "0-1"]
[BlackTitle "WFM"]
[WhiteElo "1848"]
[BlackElo "2146"]
[WhiteTeam "SK Zell/Zillertal"]
[BlackTeam "SK Erste Bank Baden"]
[WhiteFideId "1639579"]
[BlackFideId "1625594"]
[EventDate "2022.10.03"]

1. d4 Nf6 2. Nc3 d5 3. Bf4 a6 4. e3 e6 5. Nf3 c5 6. Ne5 Nc6 7. g4 cxd4 8. exd4
Qb6 9. Na4 Qa5+ 10. c3 Nxe5 11. dxe5 Nd7 12. Be3 b5 13. Nc5 Bxc5 14. Bxc5 Nxc5
15. b4 Qa3 16. Rc1 Nd7 17. f4 Bb7 18. Qd2 Rc8 19. Bg2 a5 20. O-O axb4 21. cxb4
O-O 22. f5 Rxc1 23. Rxc1 Qa7+ 24. Kh1 d4 25. f6 Bxg2+ 26. Kxg2 Qb7+ 27. Kg3 Qd5
28. Re1 Nxe5 29. Qg5 Qf3+ 30. Kh4 Ng6+ 31. Kh5 Qh3+ 32. Qh4 Qxh4# 0-1